Study on the rights of persons belonging to Ethnic, Religious and Linguistic Minorities (Record no. 1837)

MARC details
000 -LEADER
fixed length control field 00369nam a22001337a 4500
008 - FIXED-LENGTH DATA ELEMENTS--GENERAL INFORMATION
fixed length control field 230620b xxu||||| |||| 00| 0 eng d
082 ## - DEWEY DECIMAL CLASSIFICATION NUMBER
Classification number 323
Item number UNI
110 ## - MAIN ENTRY--CORPORATE NAME
Subordinate unit UN
245 ## - TITLE STATEMENT
Title Study on the rights of persons belonging to Ethnic, Religious and Linguistic Minorities
260 ## - PUBLICATION, DISTRIBUTION, ETC. (IMPRINT)
Place of publication, distribution, etc. New york
Name of publisher, distributor, etc. UN
Date of publication, distribution, etc. 1991
300 ## - PHYSICAL DESCRIPTION
Extent 114p
440 ## - SERIES STATEMENT/ADDED ENTRY--TITLE
Volume/sequential designation volume 2
International Standard Serial Number 02552353
942 ## - ADDED ENTRY ELEMENTS (KOHA)
Source of classification or shelving scheme Dewey Decimal Classification
Koha item type Books

No items available.

LIBRARY OPENING HOURS

When the Parliament is sitting: 8.00a.m - 7.00p.m or until the house adjourns
Mondays and Fridays and when the House is on Recess:  8.00a.m - 5.00p.m
Closed on Weekends and Public Holidays

Online Public Access Catalog (OPAC)
Website: http://www.parliament.go.ke
Bunge Library: https://libraryir.parliament.go.ke
Contact: library@parliament.go.ke | Tel no: (254-2)2221291 or 2848000 Ext 5043